000 00441nam a2200145Ia 4500
008 100204s9999 xx 000 0 und d
082 _b16536
100 _aमहाबळ अनिल
245 _aपक्षी - दर्शन
260 _b"जयदीप प्रकाशन, पुणे"
300 _a79
630 _aपक्षी - दर्शन
730 _aपक्षी - दर्शन
942 _cBOOK
999 _c460959
_d460956